Making gender, making war violence, military and peacekeeping practices (Registro nro. 40412)
[ vista simple ]
| 000 -ENCABEZADO | |
|---|---|
| Número de control [NR] | 02859nam a2200277Ia 4500 |
| 008 - DE LONGITUD FIJA DE DATOS DE ELEMENTOS - INFORMACIÓN GENERAL | |
| Elementos de longitud fija [NR] | 130821s2012 xxu gr eng |
| 020 ## - NUMERO INTERNACIONAL NORMALIZADO PARA LIBROS [R] | |
| Número Internacional Normalizado del libro [NR] | 9780415897587 |
| 040 ## - FUENTE DE CATALOGACION [NR] | |
| Agencia de catalogación original [NR] | Co-BoUCM |
| Idioma de catalogación [NR] | spa |
| 041 00 - CODIGO DE IDIOMA [R] | |
| Código de idioma para texto/pista de sonido o título separado [R] | Inglés |
| 245 00 - MENCION DE TITULO [NR] | |
| Título [NR] | Making gender, making war violence, military and peacekeeping practices |
| Mención de responsabilidad, etc. [NR] | editado por Annica Kronsell yErika Svedberg |
| 260 ## - PUBLICACION, DISTRIBUCION, ETC. (PIE DE IMPRENTA) [R] | |
| Lugar de publicación, distribución, etc. [R] | Nueva York (Estados Unidos) |
| Nombre del editor, distribuidor, etc. [R] | Routledge |
| Fecha de publicación, distribución, etc. [R] | 2012 |
| 300 ## - DESCRIPCION FISICA [R] | |
| Extensión [R] | xi, 253 páginas |
| 490 0# - MENCION DE SERIE [R] | |
| Mención de serie [R] | Routledge advances in feminist studies and intersectionality |
| Designación numérica/secuencial del volumen [NR] | 6 |
| 504 ## - NOTA DE BIBLIOGRAFIA, ETC. [R] | |
| Nota de bibliografía, etc. [NR] | |
| 505 0# - NOTA DE CONTENIDO CON FORMATO PREESTABLECIDO [R] | |
| Nota de contenido con formato preestablecido [NR] | Introduction: making gender, making war / Annica Kronsell and Erika Svedberg -- Theme I: conceptualizing gender, violence, militarism -- Gender relations as causal in militarization and war : a feminist standpoint / Cynthia Cockburn -- Men/masculinities : war/militarism - searching (for) the obvious connections? / Jeff Hearn -- Theme II: making gender and (re)making the nation -- What does a bath towel have to do with security policy? : gender trouble in the Swedish Armed Forces / Maud Eduards -- Friendly war-fighters and invisible women : perceptions of gender and masculinities in the Norwegian Armed Forces on missions abroad / Torunn Laugen Haaland -- The "Rotten report" and the reproduction of masculinity, nation, and security in Turkey / Alp Biricik -- Men making peace in the name of just war : the case of Finland / Pirjo Jukarainen -- Theme III: institutional practices and travelling concepts -- Analyzing UN & NATO responses to sexual misconduct in peacekeeping operations / Laura Hebert -- A gendered protection for the "victims" of war : mainstreaming gender in refugee protection / Jane Freedman -- Experiences, reflections, and learning : feminist organizations, security discourse, and SCR 1325 / Laura McLeod -- Theme IV: gender subjectivity in the organization of violence -- Nordic women and international crisis management : a politics of hope? / Elina Penttinen -- Women in militant movements : (un)comfortable silences and discursive strategies / Swati Parashar -- In the business of (in)security : mavericks, mercenaries, and masculinities in the private security company / Paul Higate -- Re-envisioning masculinities in the context of conflict transformation : the gender politics of demilitarizing Northern Ireland society / Fidelma Ashe -- Conclusions -- Is feminism being co-opted by militarism? / Annica Kronsell and Erika Svedberg. |
| 650 04 - ASIENTO SECUNDARIO DE MATERIA - TERMINO TEMATICO [R] | |
| Término temático o nombre geográfico como elemento de entrada [NR] | Ciencia militar |
| 9 (RLIN) | 10776 |
| 650 04 - ASIENTO SECUNDARIO DE MATERIA - TERMINO TEMATICO [R] | |
| Término temático o nombre geográfico como elemento de entrada [NR] | Masculinidad |
| 9 (RLIN) | 19018 |
| 650 04 - ASIENTO SECUNDARIO DE MATERIA - TERMINO TEMATICO [R] | |
| Término temático o nombre geográfico como elemento de entrada [NR] | Mujeres y los militares |
| 9 (RLIN) | 19941 |
| 650 04 - ASIENTO SECUNDARIO DE MATERIA - TERMINO TEMATICO [R] | |
| Término temático o nombre geográfico como elemento de entrada [NR] | Mujeres y paz |
| 9 (RLIN) | 19942 |
| 650 04 - ASIENTO SECUNDARIO DE MATERIA - TERMINO TEMATICO [R] | |
| Término temático o nombre geográfico como elemento de entrada [NR] | Pacifismo |
| 9 (RLIN) | 20973 |
| 650 04 - ASIENTO SECUNDARIO DE MATERIA - TERMINO TEMATICO [R] | |
| Término temático o nombre geográfico como elemento de entrada [NR] | Roles sexuales |
| 9 (RLIN) | 23839 |
| 700 1# - ASIENTO SECUNDARIO - NOMBRE PERSONAL [R] | |
| Nombre personal [NR] | Kronsell, Annica |
| Término de relación [R] | editor |
| 9 (RLIN) | 160627 |
| 700 1# - ASIENTO SECUNDARIO - NOMBRE PERSONAL [R] | |
| Nombre personal [NR] | Svedberg, Erika |
| Término de relación [R] | editor |
| 9 (RLIN) | 160628 |
| 942 ## - ELEMENTOS DE ENTRADA AGREGADOS (KOHA) | |
| Tipo de ítem principal el descrito en 300a | Libro |
| Tema principal | Ciencia política |
| Edición | 1 |
| Parte restante de la signatura top. | M235 |
| Sistema de clasificación | DEWEY |
| Clasificación | 355.0082 |
| Fecha de último préstamo | Total préstamos | Total Renewals | Signatura topográfica | Código de barras | Última vez visto | Ejemplar | Price effective from | Tipo de ítem | Perdido | Sistema de clasificación | Dañado | No prestable | Tipo de ítem específico | Suprimido | Ubicación habitual | Ubicación actual | Localización | Fecha de creación | Forma de adquisición | Costo |
|---|---|---|---|---|---|---|---|---|---|---|---|---|---|---|---|---|---|---|---|---|
| 03/07/2025 | 5 | 8 | 355.0082 M235 | 100128904 | 09/12/2025 | Ej.1 | 03/02/2013 | Libro | DEWEY | Libro | Claustro | Claustro | 2do piso | 28/02/2013 | Compra | 205000.00 |